Códigos corretores de erros

Gespeichert in:
Bibliographische Detailangaben
1. Verfasser: Voloch, José Felipe (VerfasserIn)
Format: Buch
Sprache:Portugiesisch
Veröffentlicht: Río de Janeiro I.M.P.A 1980
Schlagworte:
Tags: Tag hinzufügen
Keine Tags, Fügen Sie den ersten Tag hinzu!

MARC

LEADER 00000nam a2200000 a 4500
001 UCW1315
003 CL-VaPUC
005 20230714082809.0
008 920121e19800000bl 1 por d
082 0 4 |a 302.25  |b VOL  |2 21 
100 1 |a Voloch, José Felipe  |e author  |9 616669 
245 1 0 |a Códigos corretores de erros 
260 |a Río de Janeiro  |b I.M.P.A  |c 1980 
300 |a 65 p 
583 |a last modification  |c 19920121 00:00:00  |k Rodrigo Vera 
650 0 0 |a Comunicación   |9 257251 
650 0 7 |a FALLAS DE COMUNICACION  |2 CL-VaPUC  |9 616670 
650 0 0 |a Álgebra lineal   |9 260445 
650 0 0 |a Álgebra de Boole  |9 270013 
650 0 7 |a CODIGOS DE CORRECION  |2 CL-VaPUC  |9 616671 
650 0 0 |a Teoría de la información  |9 260744 
942 |c BK 
945 |d 19920121 00:00:00 
546 |a En Portugués 
518 |p Coloquio Brasileiro de Matemática, Brasil 
999 |c 382059  |d 382057 
952 |0 0  |1 0  |4 0  |6 302_250000000000000_VOL_1980  |7 0  |8 A  |9 503551  |a BIBMAT  |b BIBMAT  |d 2020-01-23  |i 2689928  |o 302.25 VOL 1980  |p 2689928  |r 2025-01-07  |w 2020-01-23  |y BK  |k MAT